00709nam a2200229 a 4500003000400000005001700004008004100021010001700062020002800079035001100107035000800118035001300126040003600139245008800175260003700263300003500300504005100335650003000386650002400416700001800440700002100458OSt20220328065458.0940914s1995 moua b 001 0 eng c a 94036280  a0801672430 (alk. paper) a166609 aV\= a31287732 aDNLM/DLCcALUPE UNIVERSITYdNLM00aEmergency management of skeletal injuries /ceditors, Ernest Ruiz, James J. Cicero. aSt. Louis, Mo. :bMosby,cc1995. aviii, 568 p. :bill. ;c29 cm. aIncludes bibliographical references and index. 2aBone and Bonesxinjuries. 2aEmergency Medicine.1 aRuiz, Ernest.1 aCicero, James J.